[Event "MSR_ch20"]
[Site "?"]
[Date "2024.04.08"]
[Round "5.2"]
[White "Bochnicka, Vladimir"]
[Black "Turcan, Richard"]
[Result "0-1"]
[BlackElo "2365"]
[WhiteElo "2421"]
[LiveChessVersion "1.4.8"]

1. e4 {[%clk 1:30:58]} c5 {[%clk 1:30:40]} 2. Nf3 {[%clk 1:31:27]} Nc6
{[%clk 1:30:56]} 3. d4 {[%clk 1:31:47]} cxd4 {[%clk 1:31:16]} 4. Nxd4
{[%clk 1:32:10]} Nf6 {[%clk 1:31:40]} 5. Nc3 {[%clk 1:32:35]} d6 {[%clk 1:32:02]}
6. Bg5 {[%clk 1:32:53]} e6 {[%clk 1:30:12]} 7. Qd3 {[%clk 1:33:06]} Be7
{[%clk 1:30:11]} 8. O-O-O {[%clk 1:32:49]} O-O {[%clk 1:28:16]} 9. Qg3
{[%clk 1:32:50]} Nxd4 {[%clk 1:15:40]} 10. Rxd4 {[%clk 1:33:11]} Bd7
{[%clk 1:12:22]} 11. Be2 {[%clk 1:25:34]} Rc8 {[%clk 1:05:05]} 12. h4
{[%clk 1:16:51]} Qc7 {[%clk 0:58:20]} 13. h5 {[%clk 1:02:43]} d5 {[%clk 0:40:36]}
14. Bf4 {[%clk 0:47:23]} Qb6 {[%clk 0:33:46]} 15. Be5 {[%clk 0:43:10]} Rxc3
{[%clk 0:29:19]} 16. Qxc3 {[%clk 0:42:23]} Nxe4 {[%clk 0:29:10]} 17. Rxe4
{[%clk 0:38:36]} dxe4 {[%clk 0:28:56]} 18. Bd4 {[%clk 0:18:16]} Qb4
{[%clk 0:23:58]} 19. Bxg7 {[%clk 0:16:51]} Qxc3 {[%clk 0:22:30]} 20. Bxc3
{[%clk 0:17:17]} Bg5+ {[%clk 0:19:20]} 21. Kb1 {[%clk 0:15:32]} h6
{[%clk 0:18:07]} 22. Bd4 {[%clk 0:09:31]} a6 {[%clk 0:18:07]} 23. Rd1
{[%clk 0:09:25]} Bc6 {[%clk 0:18:02]} 24. Bb6 {[%clk 0:09:41]} f5
{[%clk 0:12:29]} 25. Bc4 {[%clk 0:08:34]} Kf7 {[%clk 0:12:26]} 26. g3
{[%clk 0:08:40]} Be7 {[%clk 0:08:35]} 27. Be3 {[%clk 0:08:26]} Kf6
{[%clk 0:07:48]} 28. Be2 {[%clk 0:07:26]} Kg7 {[%clk 0:05:48]} 29. c4
{[%clk 0:04:11]} e5 {[%clk 0:04:58]} 30. Kc2 {[%clk 0:04:08]} f4 {[%clk 0:04:50]}
31. Bb6 {[%clk 0:03:17]} f3 {[%clk 0:02:21]} 32. Bf1 {[%clk 0:03:40]} Rf5
{[%clk 0:02:48]} 33. g4 {[%clk 0:02:42]} Rf4 {[%clk 0:03:14]} 34. Be3
{[%clk 0:00:42]} Rxg4 {[%clk 0:03:06]} 35. Bh3 {[%clk 0:01:11]} Rh4
{[%clk 0:03:27]} 36. Bc8 {[%clk 0:01:00]} Bg5 {[%clk 0:02:51]} 37. Bb6
{[%clk 0:01:22]} e3 {[%clk 0:02:53]} 38. fxe3 {[%clk 0:01:15]} Rxc4+
{[%clk 0:02:17]} 39. Kb3 {[%clk 0:00:52]} Rh4 {[%clk 0:01:30]} 40. Rf1
{[%clk 0:00:50]} Bd5+ {[%clk 0:01:09]} 0-1

[Event "MSR_ch20"]
[Site "?"]
[Date "2024.04.08"]
[Round "5.3"]
[White "Stevik, Patrik"]
[Black "Zetocha, Adrian"]
[Result "1/2-1/2"]
[BlackElo "2134"]
[WhiteElo "2213"]
[LiveChessVersion "1.4.8"]

1. Nf3 {[%clk 1:30:45]} Nf6 {[%clk 1:29:33]} 2. d4 {[%clk 1:31:03]} e6
{[%clk 1:29:25]} 3. c4 {[%clk 1:31:32]} b6 {[%clk 1:29:43]} 4. g3
{[%clk 1:30:41]} Ba6 {[%clk 1:30:03]} 5. Qc2 {[%clk 1:30:14]} c5 {[%clk 1:28:25]}
6. Bg2 {[%clk 1:29:03]} Nc6 {[%clk 1:28:36]} 7. dxc5 {[%clk 1:27:55]} bxc5
{[%clk 1:27:41]} 8. Qa4 {[%clk 1:26:25]} Qa5+ {[%clk 1:23:47]} 9. Qxa5
{[%clk 1:26:11]} Nxa5 {[%clk 1:24:12]} 10. b3 {[%clk 1:25:58]} Bd6
{[%clk 1:15:05]} 11. O-O {[%clk 1:23:58]} Ke7 {[%clk 1:13:13]} 12. Nc3
{[%clk 1:21:02]} Bb7 {[%clk 1:12:00]} 13. Ba3 {[%clk 1:15:44]} Ne4
{[%clk 1:08:38]} 14. Nxe4 {[%clk 1:11:11]} Bxe4 {[%clk 1:09:01]} 15. Rad1
{[%clk 1:11:21]} Nb7 {[%clk 1:07:08]} 16. Nd2 {[%clk 1:01:11]} Bxg2
{[%clk 1:07:25]} 17. Kxg2 {[%clk 1:01:40]} Kd8 {[%clk 0:50:28]} 18. Ne4
{[%clk 0:57:42]} Be7 {[%clk 0:50:51]} 19. Rd3 {[%clk 0:57:30]} Kc7
{[%clk 0:51:10]} 20. Nc3 {[%clk 0:56:08]} Kc6 {[%clk 0:48:27]} 21. Rfd1
{[%clk 0:54:11]} Rhd8 {[%clk 0:45:08]} 22. e4 {[%clk 0:49:35]} d6
{[%clk 0:45:06]} 23. Na4 {[%clk 0:44:11]} Bf6 {[%clk 0:41:32]} 24. Bb2
{[%clk 0:44:24]} Bxb2 {[%clk 0:41:46]} 25. Nxb2 {[%clk 0:44:53]} Kc7
{[%clk 0:34:17]} 26. Na4 {[%clk 0:44:21]} Rd7 {[%clk 0:31:40]} 27. f4
{[%clk 0:35:19]} Rad8 {[%clk 0:31:02]} 28. g4 {[%clk 0:30:51]} h6
{[%clk 0:29:45]} 29. f5 {[%clk 0:27:27]} Kc6 {[%clk 0:15:26]} 30. Kg3
{[%clk 0:25:04]} f6 {[%clk 0:14:59]} 31. Nc3 {[%clk 0:23:03]} a6 {[%clk 0:12:41]}
32. h4 {[%clk 0:21:18]} Na5 {[%clk 0:11:48]} 33. fxe6 {[%clk 0:16:01]} Re7
{[%clk 0:12:08]} 34. Nd5 {[%clk 0:16:16]} Rxe6 {[%clk 0:12:30]} 35. Kf3
{[%clk 0:16:41]} Nb7 {[%clk 0:10:45]} 36. Ne3 {[%clk 0:15:14]} Rd7
{[%clk 0:07:37]} 37. Nf5 {[%clk 0:12:24]} Kc7 {[%clk 0:07:57]} 38. Rd5
{[%clk 0:09:57]} a5 {[%clk 0:05:16]} 39. a3 {[%clk 0:07:28]} Nd8 {[%clk 0:05:19]}
40. b4 {[%clk 0:05:17]} axb4 {[%clk 0:05:24]} 41. axb4 {[%clk 0:05:46]} g6
{[%clk 0:26:12]} 42. Nxh6 {[%clk 0:30:32]} cxb4 {[%clk 0:26:20]} 43. c5
{[%clk 0:30:03]} Nb7 {[%clk 0:21:13]} 44. cxd6+ {[%clk 0:25:43]} Rdxd6
{[%clk 0:16:25]} 45. Nf7 {[%clk 0:24:54]} Rxd5 {[%clk 0:15:07]} 46. exd5
{[%clk 0:25:05]} Rb6 {[%clk 0:09:05]} 47. h5 {[%clk 0:24:25]} gxh5
{[%clk 0:08:55]} 48. gxh5 {[%clk 0:24:55]} Nd6 {[%clk 0:07:49]} 49. Rc1+
{[%clk 0:24:17]} Kd7 {[%clk 0:08:09]} 50. Nxd6 {[%clk 0:24:30]} Kxd6
{[%clk 0:08:03]} 51. Rc6+ {[%clk 0:24:39]} Rxc6 {[%clk 0:08:28]} 52. dxc6
{[%clk 0:25:07]} b3 {[%clk 0:08:37]} 53. h6 {[%clk 0:25:09]} b2 {[%clk 0:09:02]}
54. h7 {[%clk 0:25:32]} b1=Q {[%clk 0:09:24]} 55. h8=Q {[%clk 0:25:57]} Qf5+
{[%clk 0:09:07]} 56. Ke3 {[%clk 0:24:37]} Qe5+ {[%clk 0:09:23]} 57. Kf3
{[%clk 0:24:56]} Kxc6 {[%clk 0:09:47]} 58. Qc8+ {[%clk 0:25:01]} Qc7
{[%clk 0:07:20]} 59. Qxc7+ {[%clk 0:24:53]} Kxc7 {[%clk 0:07:44]} 60. Ke4 1/2-1/2

[Event "MSR_ch20"]
[Site "?"]
[Date "2024.04.08"]
[Round "5.4"]
[White "Skreko, Igor"]
[Black "Beres, Tomas"]
[Result "1/2-1/2"]
[BlackElo "2149"]
[WhiteElo "2165"]
[LiveChessVersion "1.4.8"]

1. d4 {[%clk 1:30:58]} Nf6 {[%clk 1:30:27]} 2. c4 {[%clk 1:31:23]} e6
{[%clk 1:30:21]} 3. Nc3 {[%clk 1:31:48]} Bb4 {[%clk 1:29:29]} 4. e3
{[%clk 1:31:48]} c5 {[%clk 1:29:08]} 5. Nge2 {[%clk 1:31:38]} cxd4
{[%clk 1:29:02]} 6. exd4 {[%clk 1:31:57]} d5 {[%clk 1:28:37]} 7. c5
{[%clk 1:32:05]} Ne4 {[%clk 1:28:32]} 8. Bd2 {[%clk 1:32:05]} Nxd2
{[%clk 1:28:28]} 9. Qxd2 {[%clk 1:32:31]} a5 {[%clk 1:27:15]} 10. a3
{[%clk 1:32:44]} Bxc3 {[%clk 1:27:25]} 11. Nxc3 {[%clk 1:33:09]} a4
{[%clk 1:27:13]} 12. Bd3 {[%clk 1:31:55]} b6 {[%clk 1:26:40]} 13. cxb6
{[%clk 1:31:44]} Qxb6 {[%clk 1:26:16]} 14. O-O {[%clk 1:30:13]} Bd7
{[%clk 1:24:57]} 15. Bc2 {[%clk 1:27:44]} O-O {[%clk 1:23:58]} 16. Rfe1
{[%clk 1:24:58]} Bc6 {[%clk 1:21:28]} 17. Re3 {[%clk 1:15:10]} Nd7
{[%clk 1:17:53]} 18. Rg3 {[%clk 1:11:57]} g6 {[%clk 1:12:47]} 19. Rb1
{[%clk 1:07:20]} Rfc8 {[%clk 1:02:52]} 20. Qd1 {[%clk 1:00:03]} Qa7
{[%clk 0:44:27]} 21. h4 {[%clk 0:59:21]} Nf6 {[%clk 0:39:19]} 22. h5
{[%clk 0:55:52]} Ne4 {[%clk 0:37:08]} 23. Bxe4 {[%clk 0:53:43]} dxe4
{[%clk 0:37:18]} 24. Qd2 {[%clk 0:52:10]} Rd8 {[%clk 0:31:40]} 25. Rd1
{[%clk 0:50:11]} Qe7 {[%clk 0:29:20]} 26. Qf4 {[%clk 0:41:05]} Ra5
{[%clk 0:21:58]} 27. hxg6 {[%clk 0:37:34]} hxg6 {[%clk 0:19:47]} 28. Nxe4
{[%clk 0:29:33]} Rf5 {[%clk 0:19:44]} 29. Qg4 {[%clk 0:28:47]} Kg7
{[%clk 0:19:23]} 30. Rdd3 {[%clk 0:23:48]} Rh8 {[%clk 0:16:16]} 31. Rh3
{[%clk 0:21:06]} Rfh5 {[%clk 0:11:50]} 32. Rxh5 {[%clk 0:12:14]} Rxh5
{[%clk 0:12:14]} 33. Ng3 {[%clk 0:12:30]} Rh4 {[%clk 0:11:33]} 34. Qd1
{[%clk 0:12:40]} Qb7 {[%clk 0:07:29]} 35. Qd2 {[%clk 0:06:01]} Rg4
{[%clk 0:02:34]} 36. Qe2 {[%clk 0:04:50]} Rg5 {[%clk 0:01:34]} 37. Qe3
{[%clk 0:03:15]} Rb5 {[%clk 0:01:36]} 38. f3 {[%clk 0:03:19]} Rxb2
{[%clk 0:01:55]} 39. Qe5+ {[%clk 0:02:33]} Kg8 {[%clk 0:00:44]} 40. Ne4
{[%clk 0:01:16]} Bxe4 {[%clk 0:00:57]} 41. fxe4 {[%clk 0:00:33]} Rb1+
{[%clk 0:27:58]} 42. Kh2 {[%clk 0:29:18]} Qb8 {[%clk 0:24:04]} 43. Qxb8+
{[%clk 0:27:52]} Rxb8 {[%clk 0:24:29]} 44. d5 {[%clk 0:27:54]} exd5
{[%clk 0:18:50]} 45. exd5 {[%clk 0:27:59]} Kf8 {[%clk 0:17:37]} 46. Rd4
{[%clk 0:24:18]} Ra8 {[%clk 0:16:18]} 47. d6 {[%clk 0:18:25]} Ke8
{[%clk 0:16:40]} 48. Kg3 {[%clk 0:18:38]} Kd7 {[%clk 0:17:00]} 49. Kf4
{[%clk 0:19:01]} Ra5 {[%clk 0:16:39]} 50. g3 {[%clk 0:14:47]} f6 {[%clk 0:16:10]}
51. g4 {[%clk 0:14:11]} g5+ {[%clk 0:15:35]} 52. Ke4 {[%clk 0:13:09]} Re5+
{[%clk 0:15:55]} 53. Kf3 {[%clk 0:13:07]} f5 {[%clk 0:15:54]} 54. gxf5
{[%clk 0:12:17]} Rxf5+ {[%clk 0:16:18]} 55. Kg4 {[%clk 0:12:32]} Rf4+
{[%clk 0:16:04]} 56. Rxf4 {[%clk 0:12:58]} gxf4 {[%clk 0:16:31]} 57. Kxf4
{[%clk 0:13:22]} Kxd6 {[%clk 0:16:59]} 58. Ke4 {[%clk 0:13:37]} Kc5
{[%clk 0:17:24]} 59. Kd3 {[%clk 0:14:01]} Kd5 {[%clk 0:17:49]} 60. Ke4+ 1/2-1/2

[Event "MSR_ch20"]
[Site "?"]
[Date "2024.04.08"]
[Round "5.5"]
[White "Compel, Daniel"]
[Black "Paluska, Karol"]
[Result "1/2-1/2"]
[BlackElo "2015"]
[WhiteElo "2220"]
[LiveChessVersion "1.4.8"]

1. e4 {[%clk 1:30:56]} e6 {[%clk 1:30:58]} 2. d4 {[%clk 1:31:02]} d5
{[%clk 1:31:24]} 3. Nc3 {[%clk 1:29:48]} dxe4 {[%clk 1:31:38]} 4. Nxe4
{[%clk 1:30:12]} Nd7 {[%clk 1:32:05]} 5. Bd3 {[%clk 1:29:24]} Ngf6
{[%clk 1:32:27]} 6. Ng5 {[%clk 1:29:40]} Bd6 {[%clk 1:20:00]} 7. N1f3
{[%clk 1:15:07]} h6 {[%clk 1:12:34]} 8. Ne4 {[%clk 0:59:00]} Nxe4
{[%clk 1:12:58]} 9. Bxe4 {[%clk 0:59:29]} Nf6 {[%clk 1:13:26]} 10. Bd3
{[%clk 0:59:46]} c5 {[%clk 0:55:41]} 11. dxc5 {[%clk 0:57:38]} Bxc5
{[%clk 0:56:05]} 12. O-O {[%clk 0:58:01]} O-O {[%clk 0:56:20]} 13. b3
{[%clk 0:47:24]} b6 {[%clk 0:56:22]} 14. Bb2 {[%clk 0:47:50]} Bb7
{[%clk 0:56:48]} 15. Qe2 {[%clk 0:47:17]} Qe7 {[%clk 0:56:06]} 16. Rad1
{[%clk 0:44:13]} Rfd8 {[%clk 0:54:15]} 17. c4 {[%clk 0:41:02]} a5
{[%clk 0:51:48]} 18. Ne5 {[%clk 0:40:21]} a4 {[%clk 0:40:34]} 19. h4
{[%clk 0:36:15]} axb3 {[%clk 0:39:52]} 20. axb3 {[%clk 0:36:41]} Ra2
{[%clk 0:39:11]} 21. Bb1 {[%clk 0:36:23]} Raa8 {[%clk 0:37:45]} 22. Ng4
{[%clk 0:35:36]} Nxg4 {[%clk 0:29:45]} 23. Qxg4 {[%clk 0:36:00]} e5
{[%clk 0:29:56]} 24. Rde1 {[%clk 0:29:21]} Ra5 {[%clk 0:26:09]} 25. Re2
{[%clk 0:22:39]} Bc8 {[%clk 0:18:51]} 26. Qg3 {[%clk 0:16:04]} Bd4
{[%clk 0:17:31]} 27. Bc1 {[%clk 0:16:12]} Rd6 {[%clk 0:13:27]} 28. b4
{[%clk 0:14:58]} Ra1 {[%clk 0:12:36]} 29. c5 {[%clk 0:09:14]} bxc5
{[%clk 0:11:31]} 30. bxc5 {[%clk 0:09:40]} Rf6 {[%clk 0:11:49]} 31. Be3
{[%clk 0:06:28]} Bxe3 {[%clk 0:01:35]} 32. Rxe3 {[%clk 0:03:15]} Bf5
{[%clk 0:01:37]} 33. Rxe5 {[%clk 0:02:43]} Qd7 {[%clk 0:01:33]} 34. Ree1
{[%clk 0:01:50]} Bxb1 {[%clk 0:01:01]} 35. Qb8+ {[%clk 0:01:39]} Kh7
{[%clk 0:01:07]} 36. Rxb1 {[%clk 0:02:04]} Rxb1 {[%clk 0:01:20]} 37. Qxb1+
{[%clk 0:02:23]} g6 {[%clk 0:01:17]} 38. Rd1 {[%clk 0:02:29]} Qc7
{[%clk 0:01:03]} 39. Qb4 {[%clk 0:01:53]} Rf4 {[%clk 0:00:44]} 40. Rd4
{[%clk 0:01:59]} Rf5 {[%clk 0:01:13]} 41. Rc4 {[%clk 0:01:16]} Rd5
{[%clk 0:27:22]} 42. Rc1 {[%clk 0:30:00]} Qc6 {[%clk 0:26:01]} 43. Qb6
{[%clk 0:26:25]} Qxb6 {[%clk 0:21:24]} 44. cxb6 {[%clk 0:26:50]} Rb5
{[%clk 0:21:50]} 45. Rc7 {[%clk 0:26:57]} Rxb6 {[%clk 0:18:46]} 46. Rxf7+
{[%clk 0:27:22]} Kg8 {[%clk 0:19:14]} 47. Rc7 {[%clk 0:25:47]} h5
{[%clk 0:19:17]} 48. Kh2 {[%clk 0:24:23]} Rb4 {[%clk 0:19:42]} 49. Kg3
{[%clk 0:22:44]} Rg4+ {[%clk 0:18:52]} 50. Kh3 {[%clk 0:23:07]} Rb4
{[%clk 0:19:08]} 51. f3 {[%clk 0:22:19]} Ra4 {[%clk 0:19:21]} 52. Re7
{[%clk 0:22:14]} Rb4 {[%clk 0:19:22]} 53. Re4 {[%clk 0:22:38]} Rb3
{[%clk 0:19:45]} 54. Re2 {[%clk 0:21:14]} Kg7 {[%clk 0:20:05]} 55. Kg3
{[%clk 0:21:41]} Rb4 {[%clk 0:17:21]} 56. Re4 {[%clk 0:22:02]} Rb2
{[%clk 0:17:35]} 57. Rf4 {[%clk 0:22:29]} Rb1 {[%clk 0:16:35]} 58. Rc4
{[%clk 0:21:09]} Kf6 {[%clk 0:16:05]} 59. Kf4 {[%clk 0:21:27]} Rb5
{[%clk 0:15:11]} 60. Rc6+ {[%clk 0:19:47]} Kg7 {[%clk 0:15:28]} 61. Re6
{[%clk 0:18:51]} Rf5+ {[%clk 0:15:29]} 62. Ke4 {[%clk 0:19:15]} Rb5
{[%clk 0:15:06]} 63. Rd6 {[%clk 0:19:39]} Rb2 {[%clk 0:14:49]} 64. g3
{[%clk 0:19:55]} Re2+ {[%clk 0:13:42]} 65. Kf4 {[%clk 0:20:20]} Rb2
{[%clk 0:13:39]} 66. Rd5 {[%clk 0:20:10]} Kf6 {[%clk 0:13:35]} 67. Rd6+
{[%clk 0:20:35]} Kg7 {[%clk 0:13:40]} 68. Rd4 {[%clk 0:19:58]} Kf6
{[%clk 0:13:52]} 69. Ra4 {[%clk 0:19:53]} Rb5 {[%clk 0:13:35]} 70. g4
{[%clk 0:19:56]} hxg4 {[%clk 0:11:38]} 71. fxg4 {[%clk 0:20:02]} g5+
{[%clk 0:11:44]} 72. hxg5+ {[%clk 0:20:11]} Kg6 {[%clk 0:12:11]} 73. Ra6+
{[%clk 0:20:33]} Kg7 {[%clk 0:12:36]} 74. g6 {[%clk 0:20:48]} Rb4+
{[%clk 0:12:37]} 75. Kg5 {[%clk 0:21:12]} Rb5+ {[%clk 0:13:01]} 76. Kh4
{[%clk 0:21:38]} Rb4 {[%clk 0:12:56]} 77. Kh5 {[%clk 0:21:31]} Rb5+
{[%clk 0:12:22]} 78. g5 {[%clk 0:21:46]} Rb7 {[%clk 0:12:11]} 79. Rf6
{[%clk 0:21:10]} Rb1 {[%clk 0:12:17]} 1/2-1/2

[Event "MSR_ch20"]
[Site "?"]
[Date "2024.04.08"]
[Round "5.6"]
[White "Melih, Mario"]
[Black "Brnusak, Tomas"]
[Result "0-1"]
[BlackElo "2192"]
[WhiteElo "1990"]
[LiveChessVersion "1.4.8"]

1. e4 {[%clk 1:30:55]} e5 {[%clk 1:30:48]} 2. Nf3 {[%clk 1:31:21]} Nc6
{[%clk 1:31:09]} 3. Bb5 {[%clk 1:31:40]} f5 {[%clk 1:31:26]} 4. exf5
{[%clk 1:31:53]} e4 {[%clk 1:31:40]} 5. Qe2 {[%clk 1:30:07]} Qe7 {[%clk 1:31:59]}
6. Bxc6 {[%clk 1:30:24]} bxc6 {[%clk 1:32:04]} 7. Nd4 {[%clk 1:26:26]} Nf6
{[%clk 1:31:28]} 8. O-O {[%clk 1:22:34]} Qc5 {[%clk 1:28:43]} 9. Qe3
{[%clk 1:09:03]} Bd6 {[%clk 1:21:44]} 10. Nc3 {[%clk 0:56:18]} Bxh2+
{[%clk 1:20:52]} 11. Kh1 {[%clk 0:56:32]} Be5 {[%clk 1:20:58]} 12. Nb3
{[%clk 0:46:16]} Qxe3 {[%clk 1:20:37]} 13. fxe3 {[%clk 0:45:37]} Nh5
{[%clk 1:15:59]} 14. Nxe4 {[%clk 0:44:03]} d5 {[%clk 1:15:56]} 15. g4
{[%clk 0:44:21]} dxe4 {[%clk 1:16:15]} 16. gxh5 {[%clk 0:44:43]} O-O
{[%clk 1:16:16]} 17. d4 {[%clk 0:30:38]} Bd6 {[%clk 1:12:17]} 18. Bd2
{[%clk 0:26:14]} Bxf5 {[%clk 1:05:44]} 19. h6 {[%clk 0:20:16]} g5
{[%clk 1:01:51]} 20. Kg2 {[%clk 0:14:42]} Bg4 {[%clk 1:00:00]} 21. Rxf8+
{[%clk 0:13:35]} Rxf8 {[%clk 1:00:25]} 22. Bc3 {[%clk 0:13:13]} Rf6
{[%clk 0:59:45]} 23. Nd2 {[%clk 0:12:52]} Rxh6 {[%clk 0:57:45]} 24. Rg1
{[%clk 0:09:46]} Rh2+ {[%clk 0:51:10]} 25. Kf1 {[%clk 0:09:43]} Bh3+
{[%clk 0:50:39]} 26. Ke1 {[%clk 0:10:00]} Rg2 {[%clk 0:50:31]} 27. Rxg2
{[%clk 0:08:56]} Bxg2 {[%clk 0:50:57]} 28. Kf2 {[%clk 0:09:21]} Bh1
{[%clk 0:51:22]} 29. Nc4 {[%clk 0:07:06]} Kf7 {[%clk 0:44:59]} 30. Nxd6+
{[%clk 0:05:19]} cxd6 {[%clk 0:45:24]} 31. Bb4 {[%clk 0:05:35]} Ke7
{[%clk 0:44:54]} 32. Kg3 {[%clk 0:04:58]} Bf3 {[%clk 0:44:42]} 33. Ba5
{[%clk 0:04:04]} h5 {[%clk 0:44:30]} 34. Bc7 {[%clk 0:03:43]} h4+
{[%clk 0:44:27]} 35. Kh3 {[%clk 0:03:33]} Bh5 {[%clk 0:44:51]} 36. Ba5
{[%clk 0:02:13]} Bf7 {[%clk 0:44:47]} 37. a3 {[%clk 0:01:02]} Be6+
{[%clk 0:45:12]} 38. Kg2 {[%clk 0:01:09]} Bc4 {[%clk 0:45:12]} 39. Kh3
{[%clk 0:00:33]} Be2 {[%clk 0:45:33]} 40. Be1 {[%clk 0:00:32]} Kf6
{[%clk 0:45:24]} 41. Bb4 {[%clk 0:29:00]} d5 {[%clk 1:15:29]} 42. Bd6
{[%clk 0:28:27]} Kg6 {[%clk 1:15:48]} 43. Be5 {[%clk 0:28:09]} Kh5
{[%clk 1:16:12]} 0-1

[Event "MSR_ch20"]
[Site "?"]
[Date "2024.04.08"]
[Round "5.7"]
[White "Lovcican, Tomas"]
[Black "Sevcik, Matej"]
[Result "1/2-1/2"]
[BlackElo "2087"]
[WhiteElo "2057"]
[LiveChessVersion "1.4.8"]

1. d4 {[%clk 1:30:54]} g6 {[%clk 1:30:55]} 2. e4 {[%clk 1:30:38]} Bg7
{[%clk 1:31:19]} 3. Nf3 {[%clk 1:30:22]} d6 {[%clk 1:31:43]} 4. Nc3
{[%clk 1:29:24]} c6 {[%clk 1:32:03]} 5. Be3 {[%clk 1:24:49]} Nd7 {[%clk 1:32:21]}
6. Be2 {[%clk 1:24:22]} b5 {[%clk 1:30:14]} 7. O-O {[%clk 1:21:50]} Qc7
{[%clk 1:29:43]} 8. d5 {[%clk 1:13:36]} b4 {[%clk 1:19:24]} 9. dxc6
{[%clk 1:11:59]} bxc3 {[%clk 1:18:45]} 10. cxd7+ {[%clk 1:12:23]} Bxd7
{[%clk 1:18:53]} 11. Bd4 {[%clk 1:05:54]} Bxd4 {[%clk 1:18:21]} 12. Qxd4
{[%clk 1:06:16]} Nf6 {[%clk 1:15:15]} 13. b3 {[%clk 0:44:39]} O-O
{[%clk 1:10:38]} 14. Bc4 {[%clk 0:43:09]} e5 {[%clk 0:39:38]} 15. Qxc3
{[%clk 0:39:17]} Be6 {[%clk 0:36:43]} 16. Nd2 {[%clk 0:39:37]} Bxc4
{[%clk 0:35:50]} 17. Qxc4 {[%clk 0:39:21]} Qxc4 {[%clk 0:35:43]} 18. Nxc4
{[%clk 0:39:49]} Nxe4 {[%clk 0:29:02]} 19. f3 {[%clk 0:38:53]} Nc3
{[%clk 0:28:04]} 20. Nxd6 {[%clk 0:39:17]} Rfd8 {[%clk 0:26:35]} 21. Nc4
{[%clk 0:39:22]} f6 {[%clk 0:26:24]} 22. Rfe1 {[%clk 0:39:13]} Rd4
{[%clk 0:25:55]} 23. Re3 {[%clk 0:28:00]} Nd5 {[%clk 0:24:55]} 24. Re2
{[%clk 0:26:29]} Rd8 {[%clk 0:24:35]} 25. a4 {[%clk 0:18:00]} Kf7
{[%clk 0:18:36]} 26. Re4 {[%clk 0:14:13]} Nc3 {[%clk 0:11:17]} 27. Rxd4
{[%clk 0:14:07]} exd4 {[%clk 0:06:04]} 28. Re1 {[%clk 0:13:58]} d3
{[%clk 0:05:18]} 29. cxd3 {[%clk 0:13:39]} Rxd3 {[%clk 0:05:46]} 30. Re3
{[%clk 0:13:47]} Rxe3 {[%clk 0:04:12]} 31. Nxe3 {[%clk 0:14:16]} Ne2+
{[%clk 0:02:55]} 32. Kf1 {[%clk 0:14:07]} Nc1 {[%clk 0:02:59]} 33. b4
{[%clk 0:14:28]} Na2 {[%clk 0:03:17]} 34. Nc2 {[%clk 0:10:44]} Ke6
{[%clk 0:03:36]} 35. Ke2 {[%clk 0:08:06]} Nc3+ {[%clk 0:03:32]} 36. Kd3
{[%clk 0:08:33]} Nxa4 {[%clk 0:03:49]} 37. Nd4+ {[%clk 0:09:01]} Kd5
{[%clk 0:02:10]} 38. Nb5 {[%clk 0:09:22]} Nb2+ {[%clk 0:00:37]} 39. Kc3
{[%clk 0:07:48]} Nd1+ {[%clk 0:00:31]} 40. Kd2 {[%clk 0:08:11]} Nb2
{[%clk 0:00:31]} 41. Nxa7 {[%clk 0:06:23]} Kc4 {[%clk 0:26:09]} 42. Nc6
{[%clk 0:34:22]} Na4 {[%clk 0:20:43]} 43. Ke3 {[%clk 0:32:41]} Nc3
{[%clk 0:19:36]} 44. Ne7 {[%clk 0:27:12]} Kxb4 {[%clk 0:08:22]} 45. Kd4
{[%clk 0:19:51]} Ne2+ {[%clk 0:08:31]} 46. Ke3 {[%clk 0:15:23]} Nc3
{[%clk 0:08:49]} 47. Ng8 {[%clk 0:15:35]} Kc5 {[%clk 0:08:04]} 48. Nxf6
{[%clk 0:15:40]} Nd5+ {[%clk 0:05:45]} 49. Nxd5 {[%clk 0:16:00]} Kxd5
{[%clk 0:06:13]} 50. g4 {[%clk 0:15:04]} g5 {[%clk 0:02:26]} 51. f4
{[%clk 0:14:49]} gxf4+ {[%clk 0:02:49]} 52. Kxf4 {[%clk 0:15:14]} Ke6
{[%clk 0:03:08]} 53. Kg5 {[%clk 0:15:42]} Kf7 {[%clk 0:03:25]} 54. h4
{[%clk 0:15:28]} Kg7 {[%clk 0:03:02]} 55. h5 {[%clk 0:14:18]} h6+
{[%clk 0:01:44]} 56. Kf5 {[%clk 0:13:47]} Kf7 {[%clk 0:02:03]} 57. Ke5
{[%clk 0:12:19]} Ke7 {[%clk 0:02:16]} 58. Kd5 {[%clk 0:12:34]} Kf6
{[%clk 0:02:28]} 59. Ke4 {[%clk 0:13:01]} Ke6 {[%clk 0:02:50]} 60. Kd4
{[%clk 0:12:12]} Kf6 {[%clk 0:02:40]} 61. Ke3 {[%clk 0:12:37]} Ke7
{[%clk 0:02:43]} 62. Kf3 {[%clk 0:12:29]} Kf7 {[%clk 0:03:06]} 63. Kg3
{[%clk 0:12:03]} Kg7 {[%clk 0:03:07]} 64. Kf2 {[%clk 0:11:37]} Kf6
{[%clk 0:03:14]} 65. Ke3 {[%clk 0:11:53]} Ke7 {[%clk 0:03:37]} 66. Ke4
{[%clk 0:12:08]} Ke6 {[%clk 0:03:53]} 67. g5 {[%clk 0:12:27]} hxg5
{[%clk 0:04:15]} 68. h6 {[%clk 0:12:55]} Kf6 {[%clk 0:04:34]} 69. h7
{[%clk 0:13:23]} Kg7 {[%clk 0:04:57]} 70. Kf5 {[%clk 0:13:47]} Kxh7
{[%clk 0:05:17]} 71. Kxg5 {[%clk 0:14:14]} 1/2-1/2

[Event "MSR_ch20"]
[Site "?"]
[Date "2024.04.08"]
[Round "5.8"]
[White "Bidulsky, Matej"]
[Black "Bulej, Matej"]
[Result "0-1"]
[BlackElo "2067"]
[WhiteElo "2041"]
[LiveChessVersion "1.4.8"]

1. e4 {[%clk 1:30:55]} e6 {[%clk 1:30:57]} 2. c4 {[%clk 1:31:20]} d5
{[%clk 1:31:26]} 3. cxd5 {[%clk 1:31:43]} exd5 {[%clk 1:31:51]} 4. exd5
{[%clk 1:32:09]} Nf6 {[%clk 1:32:13]} 5. Bb5+ {[%clk 1:32:33]} Nbd7
{[%clk 1:32:42]} 6. Qe2+ {[%clk 1:32:40]} Be7 {[%clk 1:32:36]} 7. d6
{[%clk 1:33:06]} cxd6 {[%clk 1:33:00]} 8. d4 {[%clk 1:32:39]} O-O
{[%clk 1:32:07]} 9. Nf3 {[%clk 1:32:50]} a6 {[%clk 1:30:23]} 10. Bd3
{[%clk 1:32:55]} Nb6 {[%clk 1:23:34]} 11. Nc3 {[%clk 1:29:06]} Bg4
{[%clk 1:20:15]} 12. O-O {[%clk 1:28:36]} Re8 {[%clk 1:20:02]} 13. Bg5
{[%clk 1:28:24]} Qd7 {[%clk 1:14:38]} 14. Bc2 {[%clk 1:23:47]} Bf5
{[%clk 1:08:30]} 15. Rfe1 {[%clk 1:23:46]} Bxc2 {[%clk 1:04:20]} 16. Qxc2
{[%clk 1:23:46]} h6 {[%clk 0:39:45]} 17. Bh4 {[%clk 1:23:34]} Nfd5
{[%clk 0:39:37]} 18. Re4 {[%clk 1:19:23]} Bxh4 {[%clk 0:35:43]} 19. Rxh4
{[%clk 1:19:44]} Rac8 {[%clk 0:34:10]} 20. Qd3 {[%clk 1:19:22]} Nb4
{[%clk 0:25:09]} 21. Qd1 {[%clk 1:17:56]} Nc4 {[%clk 0:15:49]} 22. Qb3
{[%clk 1:18:10]} Nd3 {[%clk 0:15:07]} 23. Nd5 {[%clk 1:18:09]} Qe6
{[%clk 0:08:49]} 24. Qxd3 {[%clk 1:06:40]} Qxd5 {[%clk 0:09:13]} 25. Qb3
{[%clk 1:06:14]} Re2 {[%clk 0:07:14]} 26. Rc1 {[%clk 1:06:00]} b5
{[%clk 0:06:47]} 27. h3 {[%clk 1:03:48]} Rce8 {[%clk 0:05:31]} 28. Rc2
{[%clk 1:03:41]} Qf5 {[%clk 0:05:21]} 29. Rxc4 {[%clk 1:02:08]} bxc4
{[%clk 0:05:27]} 30. Qxc4 {[%clk 1:02:31]} Rxb2 {[%clk 0:03:35]} 31. Qxa6
{[%clk 1:01:45]} Qc2 {[%clk 0:03:29]} 32. Rg4 {[%clk 1:00:33]} Qxf2+
{[%clk 0:03:46]} 33. Kh1 {[%clk 1:01:00]} Rxa2 {[%clk 0:01:59]} 34. Qc6
{[%clk 1:01:09]} Re6 {[%clk 0:01:09]} 35. Qc4 {[%clk 0:54:52]} Rf6
{[%clk 0:01:16]} 36. Qd3 {[%clk 0:54:48]} Qe2 {[%clk 0:01:14]} 37. Qb1
{[%clk 0:42:33]} Rxf3 {[%clk 0:00:57]} 0-1